Marketingová komunikace /
Saved in:
| Main Authors: | , , |
|---|---|
| Other Authors: | |
| Format: | Book |
| Language: | Czech English |
| Published: |
Praha :
Grada Publishing,
2003.
|
| Edition: | [1. vyd.] |
| Series: | Expert
|
| Subjects: | |
| ISBN: |
8024702541 (viaz.) |
| Physical Description: |
581 s. : graf., sch., tab. ; 21 cm. |
| Tags: |
Add Tag
No Tags, Be the first to tag this record!
|
Titul je dostupný aj v ... 

MARC
| LEADER | 00000nam a2200000 a 4500 | ||
|---|---|---|---|
| 001 | 000000312 | ||
| 003 | SVKK | ||
| 005 | 20260324104624.0 | ||
| 008 | 040301s2003 xr a e 001 0 czeo | ||
| FMT | |||
| 020 | |a 8024702541 (viaz.) | ||
| 040 | |a SVKKK |b slo |c SVKKK |e AACR2 | ||
| 041 | 1 | |a cze |h eng | |
| 044 | |a xr |c CZ | ||
| 072 | 7 | |a 339 |x Obchod |2 konspekt | |
| 080 | |a 339.138 |2 1997 | ||
| 080 | |a (035) |2 1997 | ||
| 100 | 1 | |a De Pelsmacker, Patrick, |d 1957- |4 aut | |
| 240 | 1 | 0 | |a Marketing communications. |l Česky |
| 245 | 1 | 0 | |a Marketingová komunikace / |c Patrick De Pelsmacker, Maggie Geuens, Joeri Van den Bergh ; [přeložila Vlasta Šafaříková]. |
| 250 | |a [1. vyd.] | ||
| 260 | |a Praha : |b Grada Publishing, |c 2003. | ||
| 300 | |a 581 s. : |b graf., sch., tab. ; |c 21 cm. | ||
| 440 | 0 | |a Expert | |
| 500 | |a Údaj o preklade prevzatý z rubu tit. strany | ||
| 504 | |a Obsahuje poznámky. Register | ||
| 650 | 0 | 7 | |a marketing |2 SVKKKPH |
| 655 | 7 | |a príručky |2 SVKKKPH | |
| 700 | 1 | |a Geuens, Maggie, |d 1969- |4 aut | |
| 700 | 1 | |a Van den Bergh, Joeri, |d 1971- |4 aut | |
| 700 | 1 | |a Šafaříková, Vlasta |4 trl | |
| 910 | |a svkkk | ||
| 919 | |a 80-247-0254-1 | ||
| 998 | |a BK | ||
| OWN | |||
| Z30 | 1 | |l SCK01 |l SCK01 |m BOOK |1 SCKHL |2 SK14 |b Sklad Pribinova prízemie |3 IV.190177 |6 959738 |q 20040301 |5 2720020737 |8 20040301 |g EMPTYKNIHA |f 70 |s Absenčne |g 000000324 |h SCKHL |z 816.68 |t 20260304 |u 1615 |w 000000312 |x 000010 |r PC |r 048 | |
| Z30 | 1 | |l SCK01 |l SCK01 |m BOOK |1 SCKHL |2 SK2 |b Sklad Hlavná 10 prízemie |3 IV.190178 |6 959739 |q 20040301 |5 2720020738 |8 20040301 |g EMPTYKNIHA |f 70 |s Absenčne |g 000000324 |h SCKHL |z 816.68 |t 20231116 |u 1419 |w 000000312 |x 000020 |r PC |r 032 | |
| a02 | 0 | |a 8024702541 (viaz.) | |
| 090 | |g SCKHL |k Sklad Pribinova prízemie |a IV.190177 |j 959738 |i 2720020737 |s Absenčne |r 048 | ||
| 090 | |g SCKHL |k Sklad Hlavná 10 prízemie |a IV.190178 |j 959739 |i 2720020738 |s Absenčne |r 032 | ||